Responses for show #8076 - Monday, October 21, 2019

Contestants

[<< previous game]

Ryan Bradley, a TV animation marketing executive from West Hollywood, California

Mononita Nur, an aerospace engineer from Huntsville, Alabama

Daryn Firicano, a clinical representative from Las Vegas, Nevada (whose 2-day cash winnings total $21,799)

[next game >>]

Jeopardy! Round responses

MUSICAL LEGENDS
STARTS & ENDS WITH "P"
QUOTABLE NOTABLES
CANADIAN NATIONAL STUFF, EH?
OUR HOME
& NATIVE LAND
    $200 19
(Carlos) Santana

Ryan
    $200 13
penmanship

Daryn
    $200 22
a lever

Ryan
    $200 17
red & white

Ryan
    $200 24
(Alex: Less than a minute to go now.)

a Jacuzzi

Daryn
    $200 30
India

Daryn
    $400 16
(Janis) Joplin

Ryan
    $400 12
pit stop

Mononita
    $400 15
an exclamation mark

Daryn
    $400 18
sea

Daryn
    $400 29
southern

Ryan
    $400 28
Venezuela

Mononita
    $600 6
(Tony) Bennett

Daryn
    $600 9
a parsnip

Daryn
    $600 23
Valley Forge

Ryan
    $600 20
the maple

Ryan
    $600 11
(Mononita: What is Formica?)

granite

DarynMononita
    $600 26
Sweden

Ryan
    $800 4
Glen Campbell

Triple Stumper
    $800 8
a pawn shop

Daryn
    $800 14
Pasteur

Mononita
    $800 21
the beaver

Ryan
    $800 10
a butler

Ryan
    $800 27
(Mononita: Where is France?)

Belgium

DarynMononita
    $1000 1
(Daryn: Who is Count Basie?)
(Mononita: Who is Sousa?)
(Alex: Who?)
(Mononita: Who is John Philip Sousa?)

Duke Ellington

DarynMononita
Triple Stumper
    $1000 2
a polyp

Daryn
    $1,600 7
(Daryn: Who is... Pinter?)

George Orwell

Daryn
    $1000 5
Quebec City

Ryan
    $1000 3
en suite

Daryn
    $1000 25
South Africa

Mononita

Scores at the first commercial break (after clue 15):

Daryn Mononita Ryan
$2,600 -$400 $1,800

Scores at the end of the Jeopardy! Round:

Daryn Mononita Ryan
$4,200 $200 $5,800

Double Jeopardy! Round responses

BAN THAT BOOK!
ACCENTS
GAME OF CLONES
AMERICAN HISTORY
THE GENDER-FREE OPTION
"T" BIRDS
    $400 1
the Lambda Award

Mononita
    $400 6
New Zealand

Ryan
    $400 28
Jurassic Park

Daryn
    $400 23
(Ryan: What is the Declaration of American Independence?)

the Constitution

DarynRyan
    $400 14
queen

Daryn
    $400 30
a toucan

Ryan
    $800 2
Uncle Tom's Cabin

Mononita
    $800 7
gracias

Daryn
    $800 27
Samuel L. Jackson

Mononita
    $800 15
(Daryn: Who are Lewis and Clark?)

Mason and Dixon

DarynRyan
    $800 16
a motherboard

Ryan
    $800 29
the turkey

Ryan
    $1,400 3
the Bolsheviks

Mononita
    $1200 13
Fargo

Ryan
    $1200 26
Tatiana Maslany

Mononita
    $5,000 9
(Daryn: What is the '40s?)
(Alex: Oh, you were one decade off. [*]. You had to think of the Depression.)

the 1930s

Daryn
    $1200 17
Latinx

Ryan
    $1200 22
a teal duck

Mononita
    $1600 4
"Howl"

Ryan
    $1600 12
Liverpool

Mononita
    $1600 25
(Frank) Herbert

Daryn
    $1600 8
(Andrew) Johnson

Daryn
    $1600 18
man-made

Mononita
    $1600 21
(Ryan: What is a trumpet swan? [*]?)

a trumpeter swan

Ryan
    $2000 5
(Mononita: Who is Deronda?)

Daniel Defoe

Mononita
Triple Stumper
    $2000 11
a brogue

Daryn
    $2000 24
Jonathan Pryce

Triple Stumper
    $2000 10
Meade

Daryn
    $2000 19
forebears

Daryn
    $2000 20
the scarlet tanager

Triple Stumper

Scores at the end of the Double Jeopardy! Round:

Daryn Mononita Ryan
$9,600 $7,200 $14,200

[wagering suggestions for these scores]

Final Jeopardy! Round responses

U.S. CITIES
MononitaWhat is Red Rocks?
$7,001
DarynWhat is Golden, CO
$4,801
RyanWhat is Golden?
$5,001
Leadville

Final scores:

Daryn Mononita Ryan
$4,799 $199 $9,199
2nd place: $2,000 3rd place: $1,000 New champion: $9,199

Game dynamics:

Coryat scores:

Daryn Mononita Ryan
$16,200 $7,000 $14,200
21 R,
4 W
(including 2 DDs)
12 R
(including 1 DD),
4 W
20 R,
1 W

Combined Coryat: $37,400

The J! Archive is created by fans, for fans. The Jeopardy! game show and all elements thereof, including but not limited to copyright and trademark thereto, are the property of Jeopardy Productions, Inc. and are protected under law. This website is not affiliated with, sponsored by, or operated by Jeopardy Productions, Inc. Join the discussion at JBoard.tv.